[Event "EU-ch Hybrid U14"]
[Site "Tornelo INT"]
[Date "2021.10.15"]
[Round "7"]
[White "Omarsson, Adam"]
[Black "Ogloblin, Ilya"]
[Result "1/2-1/2"]
[WhiteElo "1467"]
[BlackElo "1487"]
[PlyCount "103"]
[EventDate "2021.10.15"]
[EventType "swiss"]
[EventRounds "9"]
[EventCountry "NET"]
[SourceTitle "EXT 2023"]
[Source "ChessBase"]
[SourceDate "2022.10.05"]
[SourceVersion "1"]
[SourceVersionDate "2022.10.05"]
[SourceQuality "1"]
[WhiteTeam "Island"]
[BlackTeam "Russia"]
[WhiteTeamCountry "ISL"]
[BlackTeamCountry "RUS"]

1. d4 Nf6 2. c4 g6 3. Nc3 d5 4. cxd5 Nxd5 5. e4 Nxc3 6. bxc3 Bg7 7. Bc4 c5 8. Ne2 Nc6 9. Be3 b6 10. 0-0 0-0 11. Rc1 e6 12. f3 Na5 13. Bb3 cxd4 14. cxd4 Nxb3 15. axb3 Bb7 16. Qd2 Qd7 17. Rfd1 Rfc8 18. Bh6 Rxc1 19. Rxc1 Bxh6 20. Qxh6 Ba6 21. Qe3 Bxe2 22. Qxe2 Qxd4+ 23. Qf2 Qd3 24. Qc2 Rd8 25. Qxd3 Rxd3 26. Rb1 Kf8 27. Rb2 Ke7 28. Kf2 Rc3 29. Ke2 Kd6 30. Kd2 Rc7 31. Kd3 b5 32. Ra2 Kc5 33. Rc2+ Kb6 34. Rxc7 Kxc7 35. Kd4 Kb6 36. f4 a5 37. g4 a4 38. bxa4 bxa4 39. Kc4 f5 40. gxf5 gxf5 41. exf5 exf5 42. Kb4 h5 43. Kxa4 Kc5 44. Kb3 Kd4 45. Kc2 Ke3 46. Kd1 Kxf4 47. Ke2 h4 48. Kf2 h3 49. Ke2 Ke4 50. Kf2 Kd3 51. Kf3 Kd2 52. Kf2 1/2-1/2